000 00507nam a2200145Ia 4500
008 200110s9999 xx 000 0 und d
020 _a978-971-93945
100 _aSalvador, Samuel M.
245 _cSamuel M. Salvador & Ellinor Fua Geronimo.--
_aEssentials of human behavior organization /
260 _a[Bulacan] :
_bAllen Adrian Books Inc.
_c2010
300 _axiv, 507 pages
_c22.5 cm.
500 _aIncludes bibliography, glossary and appendix.
650 _aHuman behavior.
650 _aOrganization.
999 _c362882
_d362882